[Event "ROM-ch U10 Girls"]
[Site "Voineasa"]
[Date "2008.04.15"]
[Round "5"]
[White "Costachescu, Sonia Maria"]
[Black "Ichim, Ioana Andreea"]
[Result "0-1"]
[WhiteElo "401"]
[BlackElo "401"]
[PlyCount "84"]
[EventDate "2008.04.08"]
[EventType "swiss"]
[EventRounds "9"]
[EventCountry "ROU"]
[SourceTitle "EXT 2013"]
[Source "ChessBase"]
[SourceDate "2012.11.22"]
[SourceVersion "1"]
[SourceVersionDate "2012.11.22"]
[SourceQuality "1"]

1. e4 c5 2. Nf3 d6 3. d4 cxd4 4. Nxd4 e5 5. Nf3 Nf6 6. Nc3 a6 7. Bg5 Nbd7 8. Bxf6 Nxf6 9. Bc4 b5 10. Bd3 Be7 11. 0-0 0-0 12. Re1 Bb7 13. h3 b4 14. Ne2 Bxe4 15. Bxe4 Nxe4 16. Qd3 Nc5 17. Qc4 a5 18. a3 bxa3 19. bxa3 Bf6 20. Rab1 e4 21. Nd2 Qe7 22. Nf4 Rfd8 23. Nd5 Qe5 24. Nxf6+ Qxf6 25. Nxe4 Nxe4 26. Rxe4 d5 27. Qd4 dxe4 28. Qxf6 gxf6 29. c4 Rab8 30. Rc1 Rd7 31. Kh2 Rc7 32. Rc3 Rbc8 33. Rg3+ Kh8 34. f4 Rxc4 35. a4 Rc3 36. Rg4 e3 37. Rg3 e2 38. Rxc3 Rxc3 39. f5 e1Q 40. h4 Qe5+ 41. g3 Qxg3+ 42. Kh1 Rc1# 0-1